000 00607nam a22001817a 4500
005 20251108172250.0
008 250721s1998 xx 000 0 ara d
082 1 4 _a811.63/قيس
100 1 _aالقيسي، فايز عبد النبي
245 1 0 _aأشعار أندلسية و مغربية مستخرجة من كتاب المحاضرات و المحاورات للسيوطي /
264 1 _aعمان :
_bدار عمار،
_c1998.
300 _a144ص.
650 1 7 _aالشعر العربي
650 1 7 _aالمغرب
650 1 7 _aالعصر الأندلسي
942 _2ddc
_cBK
999 _c74624
_d74624